01379nam a22001697a 4500008004100000020001500041050001600056100002500072245005600097250001300153260004200166300003100208500003300239505089800272700001801170700002101188141119b xxu||||| |||| 00| 0 eng d a0324007248 aHF5549.C465 aBohlander, George W. aManaging human resources. /cGeorge Bohlnder et al. a12th ed. aSpain:bSouth-Western College,c2001. axxxix, 767p.:bills;c26cm aIncludes glossary and index. aContent: Human resources management in perspective: The challenge of human resource management -- Equal employment opportunity and human resources management -- Meeting human resources requirements: Job requirements and the design of organizations to achieve human resources productivity -- Human resources planning and recruitment -- Selection -- Developing effectiveness in human resources: Training and development -- Career development -- Appraising and improving performance -- Implementing compensation and security: Managing compensation -- Incentive rewards -- Employee benefits -- Safety and health -- Enhancing employee relations: Employee rights and discipline -- The Dynamics of labor relations -- Collective bargaining and contract administration -- Expanding human resources management horizons: International human resources management -- Creating high-performance work systems. aSnell, Scott. aSherman, Arthur.